00624 2200205 4500001002100000005001700021008004100038020001800079035002500097090002600122100002700148245005800175250001100233260003400244300003500278650004900313700002700362850001200389990001700401YOGYA-0211000000362920150223193518.0 ind  a979-97903-8-7 a0010-021100000003629 aR 92 (Nasution) Nas P aNASUTION, Adnan Buyung aPahit getir merintis demokrasicAdnan Buyung Nasution aCet. 1 aJakartabAksara Karuniac2004 axviii, 563 hlm.; ilus., 21 cm. aNasutin, Adnan Buyung (1934- ) - otobiografi aRamadhan KH;Pane, Nina aYOPDYOG a2626-pd/p.04